000 00476nam a2200205Ia 4500
005 20240823022159.0
008 240823s9999||||xx |||||||||||||| ||und||
020 _a81-8772-99-5
041 _aENGLISH
082 _A670 P6
100 _aElanchezhian C
245 0 _aManufacturing Technology - II
250 _a1st
260 _c2006
_bAnuradha kumbak
500 _aYES
650 _aManufacture
_bMechanical
700 _a Vijayan C
942 _cBK
999 _c178547
_d178547